000 00927nam0a22002531 4500
001 rc\3398491
005 20260406121252.0
021 _aRU
_b[70-90449]
035 _a(NLR Aleph) 007541655
090 _a9764190
_c9764190
100 _a20130115d1970 |||y0rusy50 ca
101 0 _arus
102 _aRU
105 _ay z |||||
200 1 _aПятая Медико-биологическая сессия
_eТезисы
_fАН СССР. Лечебно-санаторный отд. Упр. делами АН СССР. Отд-ние физиологии АН СССР
210 _aМосква
_cБ. и.
_d1970
215 _a64 с.
_d22
606 _aМедицина
_jТезисы докладов
_2psbo
710 0 2 _aАН СССР
_bЛечебно-санаторный отдел
_3RU\NLR\AUTH\8813821
_9300713
801 0 _aRU
_bNLR
_gpsbo
801 1 _aRU
_bELAR
_2rusmarc
852 _aNLR
_j70-6/9536
942 _cBOOK
980 _aNB